书目信息 |
| 题名: |
国外保护青少年法规与资料选编
|
|
| 作者: | ;北京大学法律系国外法学研究室 编 | |
| 分册: | ||
| 出版信息: | 北京 群众出版社 1981.2 |
|
| 页数: | 403页 | |
| 开本: | 19cm | |
| 丛书名: | ||
| 单 册: | ||
| 中图分类: | D910 | |
| 科图分类: | ||
| 主题词: | 法学--部门 | |
| 电子资源: | ||
| ISBN: | ||
| 000 | 00632nam0 2200193 45 | |
| 001 | 0303070875 | |
| 005 | 20060820091701.28 | |
| 010 | @dCNY1.05 | |
| 091 | @a6067.4 | |
| 100 | @a20030307d1981 km y0chiy0120 ea | |
| 101 | 0 | @achi |
| 200 | 1 | @a国外保护青少年法规与资料选编@AGuo Wai Bao Hu Qing Shao Nian Fa Gui Yu Zi Liao Xuan Bian@f北京大学法律系国外法学研究室编@FBei Jing Da Xue Fa Lu Xi Guo Wai Fa Xue Yan Jiu Shi Bian |
| 210 | @a北京@c群众出版社@d1981.2 | |
| 215 | @a403页@d19cm | |
| 606 | 0 | @a法学@x部门 |
| 690 | @aD910@v3 | |
| 711 | 0 | @a北京大学法律系国外法学研究室@4编 |
| 801 | @aCN@bTSTC@c20060820 | |
| 905 | @f1@b43907@dD910@e15 | |
| 国外保护青少年法规与资料选编/北京大学法律系国外法学研究室编.-北京:群众出版社,1981.2 |
| 403页;19cm |
| ISBN :CNY1.05 |
| ● |
| 相关链接 |
|
|
|
|
正题名:国外保护青少年法规与资料选编
索取号:D910/15
 
预约/预借
| 序号 | 登录号 | 条形码 | 馆藏地/架位号 | 状态 | 备注 |
| 1 | 0043906 | 202182734 | 密集书库/ [索取号:D910/15] | 在馆 | |
| 2 | 0043907 | 001758734 | 密集书库/ [索取号:D910/15] | 在馆 | |
| 3 | 0440716 | 204407169 | 密集书库/ [索取号:D910/15] | 在馆 | |
| 4 | 0465178 | 204651787 | 密集书库/ [索取号:D910/15] | 在馆 | |
| 5 | 0469162 | 204691627 | 密集书库/ [索取号:D910/15] | 在馆 | |
| 6 | 0471048 | 204710483 | 密集书库/ [索取号:D910/15] | 在馆 | |
| 7 | 0471334 | 204713346 | 密集书库/ [索取号:D910/15] | 在馆 | |
| 8 | 0471336 | 204713364 | 密集书库/ [索取号:D910/15] | 在馆 |